| 000 | 00578nam a2200193 4500 | ||
|---|---|---|---|
| 001 | 107345 | ||
| 003 | ES-MaACL | ||
| 005 | 20230906184407.0 | ||
| 007 | t| | ||
| 008 | 061121s1973 sp r ||||1| spa d | ||
| 100 | 1 |
_aMorpurgo, Lisa. _983656 |
|
| 245 | 1 | 0 |
_aIntroducción a la astrología y descifre del zodiaco / _cLisa Morpurgo; traducción de Juan Moreno. |
| 250 | _a1ª. ed. | ||
| 260 |
_aBarcelona : _bPlaza & Janés, _c1973. |
||
| 300 |
_a373 p. : _bil ; _c22 cm. |
||
| 700 | 1 |
_aMoreno, Juan. _9182367 |
|
| 852 |
_aES-MaACL _jC-54688 _bR.87306 |
||
| 999 |
_c107345 _d107345 |
||